00643nam a2200181Ia 450000500170000000800410001701600140005802000150007204000240008705000170011108200110012810000270013924500990016626001420026530000190040756300110042665000240043720250808091930.0210303s9999 xx 000 0 und d 2retro2022 a978375095x aNLNbEnglisheAACR2 aBV4811b.O27 a242.2  aODUBIYI, Taiwo I.eaut 2aA daily devotional special written for singles :btunes of refreshing /cTaiwo Iredele Odubiyi aIkorodu, Lagos state (The Still Water Church Borokun Dada Street, Behind First Bank Nigeria, Haruna Bus Stop) :bTender Heartlinks,c2007 a96p. ;b212cm. a(pbk.) aDevotional calendar